000 00585nam a22001577a 4500
003 OSt
005 20151101101012.0
008 151101b xxu||||| |||| 00| 0 eng d
040 _cRUA
082 _aFOR ជា 1990 B115 Or.1
100 _93117
_aជា, ប៊ុនថា
245 _aសិក្សាបច្ចេកវិទ្យាកែច្នៃនិងការថែរក្សាផលិតផលឈើអារនៅរោងចក្រអារឈើ កំពង់ធំ
260 _aPhnom Penh
_bRUA
_c1990
300 _a163p.
_bill.
_c29cm.
942 _2ddc
_cFOR
999 _c2906
_d2906